000 00766nam a2200193 a 4500
005 20240906063704.0
008 991125s1976 fr 000 0 fre u
035 _aUPN01000051185
049 _aF
050 4 _aLA814
_bB4.7
110 1 _aBélgica.
_bDirection Generale de l'Organisation des Etudes
245 1 0 _aReforme pedagogique de l'enseignement primaire :
_bprogramme de mathematique pour les trois cycles /
_cDirection Generale de L'Organisation des Etudes.
260 _a[Belgica] :
_bDirectión Generale de L'Organisatión des Etudes,
_c1976.
300 _a43 p.
500 _aFotocopia
650 4 _aEducación primaria
_zBélgica
_vPlanes y programas
_918485
650 4 _aMATEMATICAS-
_xESTUDIO Y ENSEÑANZA (ELEMENTAL) -
_zBELGICA
_925634
905 _aLibro
999 _c51185
_d51185